Normal view
MARC view
Entry Personal Name
001 - CONTROL NUMBER
- control field: 168189
003 - CONTROL NUMBER IDENTIFIER
- control field: OSt
005 - DATE AND TIME OF LATEST TRANSACTION
- control field: 20220923224650.0
008 - FIXED-LENGTH DATA ELEMENTS
- fixed length control field: 220923|| aca||aabn | a|a d
040 ## - CATALOGING SOURCE
- Original cataloging agency: OSt
- Transcribing agency: OSt
100 ## - HEADING--PERSONAL NAME
- Personal name: इब्सन; कौशल, जितेन्द्र कुमार, अनु
670 ## - SOURCE DATA FOUND
- Source citation: Work cat.: (OSt)372814: इब्सन; कौशल, जितेन्द्र कुमार, अनु., जन शत्रु, 1982
